| 000 | 00351nam a2200145Ia 4500 | ||
|---|---|---|---|
| 008 | 230312s9999||||xx |||||||||||||| ||und|| | ||
| 082 |
_a339.3076 _bDIU |
||
| 100 | _aDiulio, Eugene A | ||
| 245 | 0 | _aMacroeconomics Theory | |
| 260 |
_bMcGraw Hill _aLondon _c1990 |
||
| 300 | _a290 | ||
| 546 | _aEng. | ||
| 650 |
_aEconomics _vIntroduction, |
||
| 942 | _cBK | ||
| 999 |
_c2245 _d2245 |
||